000 00802cam a2200265 4500
001 M1284
008 090401t1992 xxu||||| |||| 00| 0 eng d
035 _a(Sirsi) u30939
041 _aeng
050 _a332.63240946
110 _aBufete Roig Aran
_92765
245 _aOutline of principal legal issues relating to real estate investments in Spain.
260 _aBarcelona, Spain
_bBufete Roig Aran
_c1992
300 _a25p. ; 30cm.
350 _a0
490 _aMIPIM
_v92
520 _aInternational Property Market (Marche International des Professionnels de l`Immobilier), Cannes 14-17 March 1992.
650 _aFOREIGN INVESTMENT
650 _aLAW
650 _aSPAIN
650 _aTAXES
690 _aPROPERTY-PROPERTY FINANCE AND INVESTMENT
942 _n0
948 _c04/03/1997
999 _c89532
_d89532